000 00607nam a2200241Ia 4500
003 OSt
005 20221005122320.0
006 a|||||r|||| 00| 0
007 ta
008 221004b |||||||| |||| 00| 0 tam d
024 _a50180
037 _cTextual
040 _aCRL
_cCRL
_btam
041 _2tam
_atam
082 _aO31,3N391,1, M6
100 _aArandai Narayanan Au.
_9631793
245 0 _aJakka
260 _c1986
650 _a TAMIL LITERATURE
650 _aTAMIL FICTION
942 _hO31,3N391,1, M6
_cTEXL
_2cc
999 _c1043912
_d1043912